000
00273nam a2200085Ia 4500
245
0
_a
My nalatenskap: die kuns om gelukkig te lewe
100
_a
JANSON, Murray Wellington, 2003 1ste uitg., 2de druk
_9
95902
942
_c
BK
008
210817s9999 xx 000 0 und d
999
_c
400920
_d
400919